01270cam a22002891 4500001001300000003000400013005001700017008004100034010001700075035001900092040005200111042001200163050002700175051001600202082001000218100001700228245025600245260004900501300002400550490005400574501018200628650002000810650004600830700006300876740002400939999001700963e 40000847 DLC20260227111229.0801117s1940 dcu f000 0 eng c ae 40000847  a(OCoLC)6949193 aU. S. Off. of educ. LibrarycViBlbVdOCoLCdDLC apremarc00aL111b.A6 1939, no. 12 aLB3411b.M6 a371.71 aMoore, Fred.10aOrganization and administration of school health work /cby Fred Moore ... and John W. Studebaker, U. S. commissioner of education ... Federal security agency, Paul V. McNutt, administrator. U. S. Office of education, John W. Studebaker, commissioner. aWashington :bU.S. Govt. print. off.,c1940. aiv, 67 p. ;c23 cm.0 aU. S. Office of education. Bulletin 1939,vno. 12 aCopies 1 and 2 of L111.A6 with: Individual guidance in a C.C.C. camp / Kirkland Sloper. Washington : U.S. Govt. Print. Off., 1939. Bound together subsequent to publication.5DLC 0aSchool hygiene. 0aSchoolszUnited StatesxSanitary affairs.1 aStudebaker, J. W.q(John Ward),d1887-1989,eJoint author.0 aSchool health work. c21764d21764